000 00696nam a2200193 a 4500
003 0
005 20250320144445.0
008 080925s19uu xx 00 eng d
050 _aPHS HQ 759.4
_b.Ok41 2008
100 _aOkawa, Kristine Marie A.
245 _aTeenage pregnancy and self-esteem /
_cKristine Marie A. Okawa.
260 _aLas PiƱas City, Philippines :
_bSouthville International School and Colleges,
_c2008.
300 _a33 pages :
_billustrations ;
_c28 cm.
504 _aIncludes bibliographical references.
650 _aTeenage pregnancy
_xPsychological aspects.
650 _aSelf-esteem in adolescence.
650 _aPregnant teenagers
_xMental health.
942 _2lcc
_cPASS
999 _c98135
_d98135